[Event "JBLN Ost 0102"]
[Site "Germany"]
[Date "2002.04.21"]
[Round "?"]
[White "Lang, Christian"]
[Black "Kummer, Martin"]
[Result "1/2-1/2"]
[WhiteElo "1404"]
[BlackElo "1268"]
[PlyCount "40"]
[EventDate "2002.10.??"]
[EventType "team"]
[EventRounds "9"]
[EventCountry "GER"]
[SourceTitle "EXT 2005"]
[Source "ChessBase"]
[SourceDate "2004.11.15"]
[SourceVersion "1"]
[SourceVersionDate "2004.11.15"]
[SourceQuality "1"]

1. e4 d6 2. d4 Nf6 3. Nc3 g6 4. Bg5 Bg7 5. Qd2 h6 6. Bxf6 Bxf6 7. 0-0-0 Bg4 8. Be2 Bxe2 9. Ngxe2 c6 10. Kb1 Qa5 11. Nd5 Qxd2 12. Nxf6+ exf6 13. Rxd2 0-0 14. h4 Re8 15. Nc3 Nd7 16. g4 b5 17. f3 a6 18. g5 fxg5 19. hxg5 h5 20. Rg2 Rad8 1/2-1/2

[Event "JBLN Ost 0102"]
[Site "Germany"]
[Date "2002.02.17"]
[Round "?"]
[White "Kummer, Martin"]
[Black "Hanisch, Sebastian"]
[Result "0-1"]
[WhiteElo "1268"]
[BlackElo "1362"]
[PlyCount "86"]
[EventDate "2002.10.??"]
[EventType "team"]
[EventRounds "9"]
[EventCountry "GER"]
[SourceTitle "EXT 2005"]
[Source "ChessBase"]
[SourceDate "2004.11.15"]
[SourceVersion "1"]
[SourceVersionDate "2004.11.15"]
[SourceQuality "1"]

1. d4 Nf6 2. Nf3 e6 3. Bf4 b6 4. e3 Bb7 5. Bd3 c5 6. 0-0 Be7 7. Nbd2 0-0 8. c3 h6 9. h3 Nh7 10. Qc2 Ng5 11. Nxg5 Bxg5 12. Be4 d5 13. Bh7+ Kh8 14. Bxg5 Qxg5 15. Nf3 Qe7 16. Bd3 Nd7 17. c4 Rac8 18. Be2 cxd4 19. Nxd4 dxc4 20. Bxc4 Ba6 21. b3 b5 22. Nxb5 Bxb5 23. Rfc1 Nb6 24. Qe2 Bxc4 25. bxc4 Rc5 26. Qd3 Rfc8 27. Qa3 Qb7 28. Rab1 Rxc4 29. Rxc4 Rxc4 30. Qf8+ Kh7 31. Qd6 Qc7 32. Qd3+ g6 33. e4 Rc1+ 34. Rxc1 Qxc1+ 35. Kh2 Qc4 36. Qd8 Kg7 37. Qe7 Qxa2 38. Kg3 Qb3+ 39. Kh2 a5 40. e5 Nd5 41. f4 a4 42. Qh4 a3 43. f5 gxf5 0-1

[Event "JBLN Ost 0102"]
[Site "Germany"]
[Date "2002.01.26"]
[Round "?"]
[White "Zur, Jan"]
[Black "Kummer, Martin"]
[Result "1-0"]
[WhiteElo "1470"]
[BlackElo "1268"]
[PlyCount "83"]
[EventDate "2002.10.??"]
[EventType "team"]
[EventRounds "9"]
[EventCountry "GER"]
[SourceTitle "EXT 2005"]
[Source "ChessBase"]
[SourceDate "2004.11.15"]
[SourceVersion "1"]
[SourceVersionDate "2004.11.15"]
[SourceQuality "1"]

1. e4 d6 2. d4 Nf6 3. Nc3 g6 4. Nf3 Bg7 5. Bg5 0-0 6. Qd2 Bg4 7. 0-0-0 Nfd7 8. Bh6 Bxf3 9. gxf3 e5 10. Bxg7 Kxg7 11. h4 h6 12. f4 Nc6 13. dxe5 Nc5 14. exd6 Re8 15. e5 a6 16. dxc7 Qxc7 17. Nd5 Qd8 18. Nf6 Re6 19. Qxd8 Rxd8 20. Rxd8 Nxd8 21. Bc4 Re7 22. h5 Nc6 23. hxg6 fxg6 24. Ng8 h5 25. Nxe7 Nxe7 26. Rd1 h4 27. Rh1 Nf5 28. Bd3 Nxd3+ 29. cxd3 Kf7 30. Kc2 Ke6 31. Kc3 b5 32. b3 a5 33. a4 b4+ 34. Kc4 g5 35. fxg5 Kxe5 36. d4+ Nxd4 37. Re1+ Kf5 38. Kxd4 Kxg5 39. Rg1+ Kf4 40. Rh1 Kg4 41. Rxh4+ Kxh4 42. Kc5 1-0